| 000 | 00368nam a2200145Ia 4500 | ||
|---|---|---|---|
| 008 | 210210b1965 xxu||||| |||| 00| 0 eng d | ||
| 082 | _a658.85 DAWS | ||
| 100 | _aDAWSON (J E S). | ||
| 245 | _aSuccessful selling. | ||
| 260 |
_aBombay. _bBharatiya Vidhya Bhavan _c1965 |
||
| 300 | _avi,39 | ||
| 650 | _aMarketing Selling | ||
| 690 | _aSalesmanship | ||
| 906 | _a029017 | ||
| 999 |
_c80245 _d80245 |
||